1854 1982 1251 1788 1967 1694 1808 1586 1663 1158 1610 1053 1295 1838 1065 1974 1394 1730 1681 1798 1853 1643 1633 1684 1626 1843 1764 1907 1304 1363 1736 1289 1291 1775 1537 1619 1063 1049 1490 1994 1576 1350 1731 1399 1000 1406 1098 1867 1715 1360 1213 1642 1240 1973 1425 1845 1802 1341 1451 1568 1502 1188 1669 1990 1696 1636 1328 1185 1970 1297 1124 1395 1336 1458 1476 1239 1000 1579 1481 1054 1918 1085 1969 1814 1429 1332 1253 1479 1463 1377 1964 1918 1043 1635 1064 1701 1379 1228 1057 BCNSPRNW ULIB Ver.6.0+V

เปลี่ยนเป็นภาษาไทย

Change to English
 แสดงรายละเอียดบรรณานุกรม
  กลับหน้าหลัก

Brief Record : Get Marc (ISO 2709) : E-mail record : QR code < ปิดหน้าต่าง
LEADER : 00000nam 2200000uu 4500
001    13399127134
003     ULIB
008    020711s2019 th a 000 0 eng d
020    ^a9780729542678
060    ^aWY157^bS168M^cVol.1
100    ^aSALLY PAIRMAN
245    ^aMIDWIFERY PREPARATION FOR PRACTICE 4e Vol.1
250    ^a4th ed
260    ^aAustralia :^bElsevier,^c2019
300    ^a361 pages;^b30 cm
650    ^aPREPARATION^xPRACTICE
945    ^p3420^l0^i006324
999    ^aประนอม เกษจรัล
รายการนี้ยังไม่มีแท็ก
คุณยังไม่ได้ล็อกอิน คุณสามารถมีกิจกรรมร่วมกับเว็บไซต์ได้ แต่ต้องล็อกอินก่อน ::
  ล็อกอิน

รายการสื่อสารสนเทศ

ลำดับที่ ประเภท เลขเรียก/บาร์โค้ด สถานที่ สถานะ
1. Book การพยาบาล
Book การพยาบาล
WY157 S168M Vol.1 ฉ.1 
  Barcode: 006324
ห้องสมุดวิทยาเขตสวรรค์ประชารักษ์
►หนังสือทั่วไป
บนชั้น

รายการใกล้เคียง
    ผู้แต่ง [SALLY PAIRMAN]

BibComment


ยังไม่เคยถูกคอมเมนท์

คอมเมนท์ทรัพยากรรายการนี้
  คอมเมนท์: MIDWIFERY PREPAR..


 Copyright 2026. Bcnsprnw @Library